[Event "Stay Safe Play From Home 263"]
[Site "Emanuel Lasker Arena"]
[Date "2020.06.29"]
[Round "3"]
[White "Tolka"]
[Black "Uber_WING"]
[Result "1-0"]
[WhiteElo "2296"]
[BlackElo "2495"]
[PlyCount "113"]
[EventDate "2020.06.29"]
[EventType "swiss (blitz)"]

1. e4 {[%emt 0:00:02]} d5 {[%emt 0:00:01]} 2. exd5 {[%emt 0:00:01]} Qxd5 {[%emt 0:00:00]} 3. Nc3 {[%emt 0:00:00]} Qd6 {[%emt 0:00:00]} 4. d4 {[%emt 0:00:00]} Nf6 {[%emt 0:00:00]} 5. Nf3 {[%emt 0:00:00]} a6 {[%emt 0:00:00]} 6. g3 {[%emt 0:00:01]} Nc6 {[%emt 0:00:01]} 7. Bg2 {[%emt 0:00:02]} Bg4 {[%emt 0:00:01]} 8. h3 {[%emt 0:00:01]} Bh5 {[%emt 0:00:01]} 9. O-O {[%emt 0:00:02]} O-O-O {[%emt 0:00:01]} 10. Bf4 {[%emt 0:00:01]} Qb4 {[%emt 0:00:01]} 11. d5 {[%emt 0:00:02]} e6 {[%emt 0:00:02]} 12. dxc6 {[%emt 0:00:02]} Rxd1 {[%emt 0:00:00]} 13. cxb7+ {[%emt 0:00:01]} Qxb7 {[%emt 0:00:00]} 14. Raxd1 {[%emt 0:00:04]} Bxf3 {[%emt 0:00:00]} 15. Bxf3 {[%emt 0:00:04]} Qxf3 {[%emt 0:00:00]} 16. Rd3 {[%emt 0:00:00]} Qc6 {[%emt 0:00:06]} 17. Rfd1 {[%emt 0:00:01]} Bc5 {[%emt 0:00:01]} 18. a3 {[%emt 0:00:03]} h6 {[%emt 0:00:01]} 19. b4 {[%emt 0:00:01]} Bb6 {[%emt 0:00:01]} 20. a4 {[%emt 0:00:01]} g5 {[%emt 0:00:02]} 21. b5 {[%emt 0:00:01]} axb5 {[%emt 0:00:02]} 22. axb5 {[%emt 0:00:00]} Qc4 {[%emt 0:00:02]} 23. Be5 {[%emt 0:00:01]} Re8 {[%emt 0:00:11]} 24. Bxf6 {[%emt 0:00:01]} e5 {[%emt 0:00:01]} 25. Nd5 {[%emt 0:00:03]} Qxb5 {[%emt 0:00:03]} 26. Rb3 {[%emt 0:00:03]} Qc5 {[%emt 0:00:02]} 27. Nxb6+ {[%emt 0:00:02]} cxb6 {[%emt 0:00:00]} 28. Rdd3 {[%emt 0:00:00]} Kb7 {[%emt 0:00:03]} 29. Rdc3 {[%emt 0:00:01]} Qd5 {[%emt 0:00:01]} 30. Rd3 {[%emt 0:00:01]} Qe6 {[%emt 0:00:01]} 31. Bd8 {[%emt 0:00:02]} f5 {[%emt 0:00:04]} 32. Bxb6 {[%emt 0:00:02]} Qxb6 {[%emt 0:00:00]} 33. Rxb6+ {[%emt 0:00:01]} Kxb6 {[%emt 0:00:00]} 34. Rd6+ {[%emt 0:00:00]} Kc5 {[%emt 0:00:00]} 35. Rxh6 {[%emt 0:00:00]} g4 {[%emt 0:00:01]} 36. Rh5 {[%emt 0:00:00]} gxh3 {[%emt 0:00:01]} 37. Rxh3 {[%emt 0:00:00]} Kd5 {[%emt 0:00:00]} 38. Kf1 {[%emt 0:00:00]} Ke4 {[%emt 0:00:00]} 39. Ke2 {[%emt 0:00:00]} Rc8 {[%emt 0:00:00]} 40. f3+ {[%emt 0:00:00]} Kd5 {[%emt 0:00:01]} 41. Kd2 {[%emt 0:00:00]} e4 {[%emt 0:00:01]} 42. g4 {[%emt 0:00:00]} exf3 {[%emt 0:00:01]} 43. gxf5 {[%emt 0:00:02]} Ke4 {[%emt 0:00:01]} 44. Rh4+ {[%emt 0:00:01]} Kxf5 {[%emt 0:00:01]} 45. c4 {[%emt 0:00:01]} Kg5 {[%emt 0:00:01]} 46. Rd4 {[%emt 0:00:01]} Re8 {[%emt 0:00:01]} 47. Rd5+ {[%emt 0:00:02]} Kg4 {[%emt 0:00:00]} 48. Rd7 {[%emt 0:00:01]} Kg3 {[%emt 0:00:00]} 49. Rg7+ {[%emt 0:00:00]} Kf2 {[%emt 0:00:01]} 50. Kd3 {[%emt 0:00:00]} Rd8+ {[%emt 0:00:00]} 51. Kc3 {[%emt 0:00:01]} Rc8 {[%emt 0:00:00]} 52. c5 {[%emt 0:00:00]} Kf1 {[%emt 0:00:00]} 53. Kd4 {[%emt 0:00:00]} f2 {[%emt 0:00:00]} 54. Rf7 {[%emt 0:00:01]} Ra8 {[%emt 0:00:00]} 55. Rxf2+ {[%emt 0:00:00]} Kxf2 {[%emt 0:00:01]} 56. Kd5 {[%emt 0:00:00]} Rb8 {[%emt 0:00:00]} 57. c6 {[%emt 0:00:00] (Lag: Av=0.66s, max=1.1s) '} 1-0

[Event "Stay Safe Play From Home 263"]
[Site "Emanuel Lasker Arena"]
[Date "2020.06.29"]
[Round "3"]
[White "Praveen prasad"]
[Black "Jhhonnyy"]
[Result "0-1"]
[WhiteElo "2254"]
[BlackElo "2377"]
[PlyCount "130"]
[EventDate "2020.06.29"]
[EventType "swiss (blitz)"]

1. e4 {[%emt 0:00:01]} c5 {[%emt 0:00:01]} 2. Nf3 {[%emt 0:00:01]} e6 {[%emt 0:00:00]} 3. d4 {[%emt 0:00:00]} cxd4 {[%emt 0:00:00]} 4. Nxd4 {[%emt 0:00:00]} a6 {[%emt 0:00:00]} 5. c4 {[%emt 0:00:01]} Nf6 {[%emt 0:00:01]} 6. Nc3 {[%emt 0:00:01]} Bb4 {[%emt 0:00:00]} 7. Bd3 {[%emt 0:00:01]} Nc6 {[%emt 0:00:01]} 8. Nxc6 {[%emt 0:00:01]} dxc6 {[%emt 0:00:00]} 9. O-O {[%emt 0:00:01]} e5 {[%emt 0:00:00]} 10. Bg5 {[%emt 0:00:02]} O-O {[%emt 0:00:02]} 11. Qf3 {[%emt 0:00:01]} Be7 {[%emt 0:00:01]} 12. b3 {[%emt 0:00:02]} Qc7 {[%emt 0:00:02]} 13. Rfd1 {[%emt 0:00:01]} Be6 {[%emt 0:00:01]} 14. Ne2 {[%emt 0:00:02]} Rad8 {[%emt 0:00:01]} 15. h3 {[%emt 0:00:01]} Rd7 {[%emt 0:00:02]} 16. Ng3 {[%emt 0:00:02]} Rfd8 {[%emt 0:00:01]} 17. Bc2 {[%emt 0:00:00]} h6 {[%emt 0:00:01]} 18. Bxf6 {[%emt 0:00:01]} Bxf6 {[%emt 0:00:00]} 19. Nh5 {[%emt 0:00:01]} Be7 {[%emt 0:00:01]} 20. Rxd7 {[%emt 0:00:02]} Rxd7 {[%emt 0:00:01]} 21. Rd1 {[%emt 0:00:03]} Rxd1+ {[%emt 0:00:03]} 22. Qxd1 {[%emt 0:00:00]} Qd8 {[%emt 0:00:01]} 23. Bd3 {[%emt 0:00:03]} g6 {[%emt 0:00:01]} 24. Ng3 {[%emt 0:00:01]} Kg7 {[%emt 0:00:00]} 25. Nf1 {[%emt 0:00:01]} b5 {[%emt 0:00:01]} 26. Qc2 {[%emt 0:00:02]} Qd4 {[%emt 0:00:01]} 27. g3 {[%emt 0:00:04]} Bc5 {[%emt 0:00:01]} 28. Ne3 {[%emt 0:00:02]} Qa1+ {[%emt 0:00:02]} 29. Kg2 {[%emt 0:00:01]} Qe1 {[%emt 0:00:01]} 30. Nf1 {[%emt 0:00:05]} a5 {[%emt 0:00:08]} 31. cxb5 {[%emt 0:00:02]} Bd4 {[%emt 0:00:01]} 32. bxc6 {[%emt 0:00:01]} Qb4 {[%emt 0:00:01]} 33. c7 {[%emt 0:00:01]} Bc8 {[%emt 0:00:01]} 34. Nd2 {[%emt 0:00:02]} Qb6 {[%emt 0:00:01]} 35. Nf3 {[%emt 0:00:01]} Bc5 {[%emt 0:00:02]} 36. Ne1 {[%emt 0:00:01]} Qxc7 {[%emt 0:00:01]} 37. Qc4 {[%emt 0:00:01]} Qd6 {[%emt 0:00:01]} 38. Be2 {[%emt 0:00:01]} Be6 {[%emt 0:00:01]} 39. Qd3 {[%emt 0:00:01]} Bd4 {[%emt 0:00:00]} 40. Nf3 {[%emt 0:00:01]} Qb6 {[%emt 0:00:01]} 41. Nxd4 {[%emt 0:00:01]} exd4 {[%emt 0:00:00]} 42. f4 {[%emt 0:00:01]} a4 {[%emt 0:00:01]} 43. Bg4 {[%emt 0:00:01]} axb3 {[%emt 0:00:02]} 44. axb3 {[%emt 0:00:01]} Qxb3 {[%emt 0:00:01]} 45. Qxb3 {[%emt 0:00:00]} Bxb3 {[%emt 0:00:01]} 46. Kf2 {[%emt 0:00:01]} d3 {[%emt 0:00:00]} 47. Ke3 {[%emt 0:00:01]} Bc2 {[%emt 0:00:00]} 48. Kd2 {[%emt 0:00:00]} Ba4 {[%emt 0:00:00]} 49. e5 {[%emt 0:00:00]} Bb5 {[%emt 0:00:01]} 50. Bf3 {[%emt 0:00:00]} f6 {[%emt 0:00:00]} 51. exf6+ {[%emt 0:00:01]} Kxf6 {[%emt 0:00:00]} 52. Be4 {[%emt 0:00:00]} Bd7 {[%emt 0:00:01]} 53. Bxd3 {[%emt 0:00:00]} Bxh3 {[%emt 0:00:00]} 54. Ke3 {[%emt 0:00:00]} Bf5 {[%emt 0:00:00]} 55. Be2 {[%emt 0:00:00]} h5 {[%emt 0:00:00]} 56. Bf3 {[%emt 0:00:00]} g5 {[%emt 0:00:00]} 57. Kf2 {[%emt 0:00:00]} h4 {[%emt 0:00:01]} 58. gxh4 {[%emt 0:00:01]} gxh4 {[%emt 0:00:01]} 59. Kg2 {[%emt 0:00:01]} Kg6 {[%emt 0:00:00]} 60. Kh2 {[%emt 0:00:00]} Kh6 {[%emt 0:00:00]} 61. Bg2 {[%emt 0:00:00]} Kg6 {[%emt 0:00:00]} 62. Bh3 {[%emt 0:00:00]} Kf6 {[%emt 0:00:00]} 63. Kg1 {[%emt 0:00:00]} Bxh3 {[%emt 0:00:02]} 64. Kh2 {[%emt 0:00:00]} Bg4 {[%emt 0:00:00]} 65. f5 {[%emt 0:00:00]} Kxf5 {[%emt 0:00:00]} 0-1

[Event "Stay Safe Play From Home 263"]
[Site "Emanuel Lasker Arena"]
[Date "2020.06.29"]
[Round "3"]
[White "BrainThinker22"]
[Black "SoulofWolf"]
[Result "0-1"]
[WhiteElo "2251"]
[BlackElo "2141"]
[Annotator "NA"]
[PlyCount "130"]
[EventDate "2020.06.29"]
[EventType "swiss (blitz)"]

1. e4 {[%emt 0:00:01]} d6 {[%emt 0:00:00]} 2. Nc3 {[%emt 0:00:01]} c5 {[%emt 0:00:00]} 3. g3 {[%emt 0:00:00]} Nc6 {[%emt 0:00:01]} 4. Bg2 {[%emt 0:00:00]} g6 {[%emt 0:00:00]} 5. d3 {[%emt 0:00:00]} Bg7 {[%emt 0:00:00]} 6. Be3 {[%emt 0:00:00]} e6 {[%emt 0:00:00]} 7. Qd2 {[%emt 0:00:00]} Nge7 {[%emt 0:00:00]} 8. Bh6 {[%emt 0:00:01]} O-O {[%emt 0:00:01]} 9. h4 {[%emt 0:00:01]} Kh8 {[%emt 0:00:01]} 10. h5 {[%emt 0:00:01]} Rg8 {[%emt 0:00:00]} 11. Bxg7+ {[%emt 0:00:01]} Rxg7 {[%emt 0:00:01]} 12. hxg6 {[%emt 0:00:00]} Rxg6 {[%emt 0:00:01]} 13. O-O-O {[%emt 0:00:01]} Qg8 {[%emt 0:00:02]} 14. Nge2 {[%emt 0:00:01]} e5 {[%emt 0:00:01]} 15. f4 {[%emt 0:00:04]} Bg4 {[%emt 0:00:01]} 16. Rdf1 {[%emt 0:00:02]} Bxe2 {[%emt 0:00:04]} 17. Nxe2 {[%emt 0:00:00]} Nd4 {[%emt 0:00:00]} 18. Nxd4 {[%emt 0:00:04]} cxd4 {[%emt 0:00:01]} 19. fxe5 {[%emt 0:00:01]} dxe5 {[%emt 0:00:03]} 20. Bh3 {[%emt 0:00:00]} Rxg3 {[%emt 0:00:08]} 21. Bf5 {[%emt 0:00:01]} Nxf5 {[%emt 0:00:02]} 22. Rxf5 {[%emt 0:00:00]} Rg1+ {[%emt 0:00:01]} 23. Rf1 {[%emt 0:00:00]} Rg2 {[%emt 0:00:02]} 24. Qh6 {[%emt 0:00:03]} Rc8 {[%emt 0:00:03]} 25. Qf6+ {[%emt 0:00:01]} Qg7 {[%emt 0:00:03]} 26. Qxg7+ {[%emt 0:00:08]} Kxg7 {[%emt 0:00:00]} 27. c4 {[%emt 0:00:08]} dxc3 {[%emt 0:00:00]} 28. b3 {[%emt 0:00:01]} c2 {[%emt 0:00:03]} 29. Rhg1 {[%emt 0:00:01]} Rxg1 {[%emt 0:00:00]} 30. Rxg1+ {[%emt 0:00:00]} Kf6 {[%emt 0:00:00]} 31. Rf1+ {[%emt 0:00:00]} Ke6 {[%emt 0:00:01]} 32. Rh1 {[%emt 0:00:01]} Rc3 {[%emt 0:00:05]} 33. Rxh7 {[%emt 0:00:01]} Rxd3 {[%emt 0:00:00]} 34. Kxc2 {[%emt 0:00:00]} Re3 {[%emt 0:00:01]} 35. Rh6+ {[%emt 0:00:00]} f6 {[%emt 0:00:00]} 36. Rh4 {[%emt 0:00:00]} Re2+ {[%emt 0:00:01]} 37. Kb1 {[%emt 0:00:00]} Re1+ {[%emt 0:00:01]} 38. Kb2 {[%emt 0:00:01]} Rg1 {[%emt 0:00:00]} 39. Ka3 {[%emt 0:00:01]} Rg2 {[%emt 0:00:00]} 40. Rh7 {[%emt 0:00:01]} Re2 {[%emt 0:00:02]} 41. Rxb7 {[%emt 0:00:00]} Rxe4 {[%emt 0:00:00]} 42. Rxa7 {[%emt 0:00:00]} Kf5 {[%emt 0:00:00]} 43. Ra6 {[%emt 0:00:00]} Rd4 {[%emt 0:00:01]} 44. Rc6 {[%emt 0:00:01]} Rd7 {[%emt 0:00:01]} 45. Kb2 {[%emt 0:00:01]} Ra7 {[%emt 0:00:00]} 46. a4 {[%emt 0:00:00]} Kg5 {[%emt 0:00:01]} 47. b4 {[%emt 0:00:01]} f5 {[%emt 0:00:01]} 48. Kb3 {[%emt 0:00:01]} Kf4 {[%emt 0:00:01]} 49. b5 {[%emt 0:00:00]} Rd7 {[%emt 0:00:01]} 50. b6 {[%emt 0:00:00]} Rd3+ {[%emt 0:00:00]} 51. Kc4 {[%emt 0:00:00]} Re3 {[%emt 0:00:00]} 52. Kb5 {[%emt 0:00:00]} Rb3+ {[%emt 0:00:01]} 53. Kc4 {[%emt 0:00:01]} Rb1 {[%emt 0:00:00]} 54. Rc5 {[%emt 0:00:02]} Rc1+ {[%emt 0:00:00]} 55. Kb5 {[%emt 0:00:00]} Rb1+ {[%emt 0:00:00]} 56. Ka6 {[%emt 0:00:00]} e4 {[%emt 0:00:01]} 57. Rb5 {[%emt 0:00:00]} Ra1 {[%emt 0:00:00]} 58. Rb4 {[%emt 0:00:01]} Rd1 {[%emt 0:00:00]} 59. b7 {[%emt 0:00:00]} Rd8 {[%emt 0:00:00]} 60. Ka7 {[%emt 0:00:00]} Rd7 {[%emt 0:00:01]} 61. Ka8 {[%emt 0:00:01]} Rd8+ {[%emt 0:00:00]} 62. b8=Q+ {[%emt 0:00:00]} Rxb8+ {[%emt 0:00:00]} 63. Kxb8 {[%emt 0:00:00]} Kf3 {[%emt 0:00:00]} 64. Kb7 {[%emt 0:00:00]} f4 {[%emt 0:00:00]} 65. a5 {[%emt 0:00:00]} e3 {[%emt 0:00:00] Time (Lag: Av=0.42s, max=1.0s)} 0-1

[Event "Stay Safe Play From Home 263"]
[Site "Emanuel Lasker Arena"]
[Date "2020.06.29"]
[Round "3"]
[White "Lamborghini"]
[Black "Mepe_Nika"]
[Result "1-0"]
[WhiteElo "2242"]
[BlackElo "2434"]
[PlyCount "75"]
[EventDate "2020.06.29"]
[EventType "swiss (blitz)"]

1. e4 {[%emt 0:00:01]} e5 {[%emt 0:00:00]} 2. d4 {[%emt 0:00:01]} exd4 {[%emt 0:00:01]} 3. Nf3 {[%emt 0:00:00]} Nc6 {[%emt 0:00:02]} 4. Nxd4 {[%emt 0:00:01]} Nf6 {[%emt 0:00:01]} 5. Nc3 {[%emt 0:00:01]} Bb4 {[%emt 0:00:01]} 6. Nxc6 {[%emt 0:00:01]} bxc6 {[%emt 0:00:00]} 7. Bd3 {[%emt 0:00:01]} d5 {[%emt 0:00:00]} 8. exd5 {[%emt 0:00:01]} O-O {[%emt 0:00:00]} 9. O-O {[%emt 0:00:01]} cxd5 {[%emt 0:00:00]} 10. Bg5 {[%emt 0:00:01]} c6 {[%emt 0:00:00]} 11. Qf3 {[%emt 0:00:01]} Bd6 {[%emt 0:00:00]} 12. Rfe1 {[%emt 0:00:02]} Rb8 {[%emt 0:00:01]} 13. Nd1 {[%emt 0:00:02]} h6 {[%emt 0:00:02]} 14. Bxf6 {[%emt 0:00:01]} Qxf6 {[%emt 0:00:00]} 15. Qxf6 {[%emt 0:00:01]} gxf6 {[%emt 0:00:00]} 16. b3 {[%emt 0:00:01]} Be6 {[%emt 0:00:01]} 17. Ne3 {[%emt 0:00:01]} Be5 {[%emt 0:00:03]} 18. Rad1 {[%emt 0:00:02]} Rfd8 {[%emt 0:00:02]} 19. Nf5 {[%emt 0:00:01]} Bxf5 {[%emt 0:00:01]} 20. Bxf5 {[%emt 0:00:00]} Kg7 {[%emt 0:00:00]} 21. g3 {[%emt 0:00:01]} Re8 {[%emt 0:00:02]} 22. Kg2 {[%emt 0:00:01]} Bc3 {[%emt 0:00:01]} 23. Rxe8 {[%emt 0:00:02]} Rxe8 {[%emt 0:00:00]} 24. Rd3 {[%emt 0:00:01]} Bb2 {[%emt 0:00:03]} 25. Kf1 {[%emt 0:00:02]} Ba3 {[%emt 0:00:01]} 26. Bd7 {[%emt 0:00:01]} Re5 {[%emt 0:00:02]} 27. Bxc6 {[%emt 0:00:01]} Bb4 {[%emt 0:00:01]} 28. Bxd5 {[%emt 0:00:02]} a5 {[%emt 0:00:01]} 29. c3 {[%emt 0:00:01]} Bc5 {[%emt 0:00:01]} 30. Kg2 {[%emt 0:00:01]} Re2 {[%emt 0:00:01]} 31. Rf3 {[%emt 0:00:01]} Rxa2 {[%emt 0:00:01]} 32. b4 {[%emt 0:00:01]} axb4 {[%emt 0:00:01]} 33. Bxa2 {[%emt 0:00:02]} bxc3 {[%emt 0:00:02]} 34. Rxc3 {[%emt 0:00:02]} Bd4 {[%emt 0:00:00]} 35. Rc7 {[%emt 0:00:01]} Kg6 {[%emt 0:00:02]} 36. Rxf7 {[%emt 0:00:00]} Be5 {[%emt 0:00:04]} 37. Rd7 {[%emt 0:00:00]} h5 {[%emt 0:00:01]} 38. f4 {[%emt 0:00:00] Mepe_Nika resigns (Lag: Av=0.43s, max=0.9s)} 1-0

[Event "Stay Safe Play From Home 263"]
[Site "Emanuel Lasker Arena"]
[Date "2020.06.29"]
[Round "3"]
[White "Weltszmerc"]
[Black "Bishop91"]
[Result "1-0"]
[WhiteElo "2115"]
[BlackElo "1744"]
[Annotator "NA"]
[PlyCount "83"]
[EventDate "2020.06.29"]
[EventType "swiss (blitz)"]

1. d4 {[%emt 0:00:03]} e6 {[%emt 0:00:00]} 2. c4 {[%emt 0:00:01]} d5 {[%emt 0:00:00]} 3. Nf3 {[%emt 0:00:00]} c6 {[%emt 0:00:01]} 4. g3 {[%emt 0:00:00]} Bd6 {[%emt 0:00:01]} 5. Bg2 {[%emt 0:00:00]} Nf6 {[%emt 0:00:00]} 6. O-O {[%emt 0:00:00]} O-O {[%emt 0:00:00]} 7. Nbd2 {[%emt 0:00:00]} dxc4 {[%emt 0:00:01]} 8. Qc2 {[%emt 0:00:00]} Bc7 {[%emt 0:00:00]} 9. Nxc4 {[%emt 0:00:01]} b5 {[%emt 0:00:00]} 10. Nce5 {[%emt 0:00:02]} Bxe5 {[%emt 0:00:02]} 11. dxe5 {[%emt 0:00:01]} Bb7 {[%emt 0:00:00]} 12. exf6 {[%emt 0:00:01]} Qxf6 {[%emt 0:00:01]} 13. Bg5 {[%emt 0:00:01]} Qg6 {[%emt 0:00:02]} 14. Qxg6 {[%emt 0:00:01]} hxg6 {[%emt 0:00:00]} 15. Nd4 {[%emt 0:00:02]} Rd8 {[%emt 0:00:05]} 16. Nxb5 {[%emt 0:00:03]} cxb5 {[%emt 0:00:01]} 17. Bxb7 {[%emt 0:00:02]} Rd7 {[%emt 0:00:00]} 18. Bxa8 {[%emt 0:00:01]} Na6 {[%emt 0:00:00]} 19. Rfd1 {[%emt 0:00:01]} Rxd1+ {[%emt 0:00:02]} 20. Rxd1 {[%emt 0:00:01]} f6 {[%emt 0:00:00]} 21. Rd8+ {[%emt 0:00:01]} Kh7 {[%emt 0:00:00]} 22. Be3 {[%emt 0:00:00]} g5 {[%emt 0:00:01]} 23. a3 {[%emt 0:00:02]} b4 {[%emt 0:00:01]} 24. Rd6 {[%emt 0:00:03]} Nc7 {[%emt 0:00:02]} 25. Rc6 {[%emt 0:00:02]} Nd5 {[%emt 0:00:02]} 26. Rxe6 {[%emt 0:00:01]} bxa3 {[%emt 0:00:03]} 27. Bxd5 {[%emt 0:00:03]} axb2 {[%emt 0:00:01]} 28. Be4+ {[%emt 0:00:01]} Kg8 {[%emt 0:00:05]} 29. Ra6 {[%emt 0:00:07]} b1=Q+ {[%emt 0:00:01]} 30. Bxb1 {[%emt 0:00:02]} Kf7 {[%emt 0:00:01]} 31. Bf5 {[%emt 0:00:03]} g6 {[%emt 0:00:01]} 32. Rxa7+ {[%emt 0:00:01]} Ke8 {[%emt 0:00:01]} 33. Bxg6+ {[%emt 0:00:02]} Kd8 {[%emt 0:00:00]} 34. Bb6+ {[%emt 0:00:01]} Kc8 {[%emt 0:00:02]} 35. Bf5+ {[%emt 0:00:01]} Kb8 {[%emt 0:00:01]} 36. Rc7 {[%emt 0:00:03]} g4 {[%emt 0:00:02]} 37. Kg2 {[%emt 0:00:02]} Ka8 {[%emt 0:00:01]} 38. h4 {[%emt 0:00:04]} Kb8 {[%emt 0:00:00]} 39. h5 {[%emt 0:00:01]} Ka8 {[%emt 0:00:00]} 40. h6 {[%emt 0:00:00]} Kb8 {[%emt 0:00:00]} 41. h7 {[%emt 0:00:00]} Ka8 {[%emt 0:00:00]} 42. h8=Q# {[%emt 0:00:00] (Lag: Av=0.56s, max=1.1s)} 1-0

[Event "Stay Safe Play From Home 263"]
[Site "Emanuel Lasker Arena"]
[Date "2020.06.29"]
[Round "3"]
[White "Lazieri3"]
[Black "Broken sword"]
[Result "0-1"]
[WhiteElo "2108"]
[BlackElo "2427"]
[PlyCount "88"]
[EventDate "2020.06.29"]
[EventType "swiss (blitz)"]

1. e4 {[%emt 0:00:01]} c5 {[%emt 0:00:01]} 2. Nc3 {[%emt 0:00:01]} e6 {[%emt 0:00:00]} 3. d3 {[%emt 0:00:00]} a6 {[%emt 0:00:00]} 4. Nf3 {[%emt 0:00:01]} d5 {[%emt 0:00:00]} 5. Bg5 {[%emt 0:00:01]} f6 {[%emt 0:00:00]} 6. Bf4 {[%emt 0:00:02]} d4 {[%emt 0:00:00]} 7. Ne2 {[%emt 0:00:01]} e5 {[%emt 0:00:00]} 8. Bd2 {[%emt 0:00:01]} Nc6 {[%emt 0:00:00]} 9. g3 {[%emt 0:00:01]} Be6 {[%emt 0:00:00]} 10. Bg2 {[%emt 0:00:01]} Qd7 {[%emt 0:00:00]} 11. Nh4 {[%emt 0:00:01]} Bd6 {[%emt 0:00:00]} 12. f4 {[%emt 0:00:01]} Nge7 {[%emt 0:00:00]} 13. f5 {[%emt 0:00:01]} Bf7 {[%emt 0:00:01]} 14. Nf3 {[%emt 0:00:01]} c4 {[%emt 0:00:00]} 15. g4 {[%emt 0:00:02]} cxd3 {[%emt 0:00:01]} 16. cxd3 {[%emt 0:00:01]} O-O-O {[%emt 0:00:00]} 17. Rc1 {[%emt 0:00:01]} Kb8 {[%emt 0:00:01]} 18. b3 {[%emt 0:00:01]} Rc8 {[%emt 0:00:00]} 19. O-O {[%emt 0:00:02]} Ba3 {[%emt 0:00:01]} 20. Rc2 {[%emt 0:00:02]} Nb4 {[%emt 0:00:00]} 21. Rxc8+ {[%emt 0:00:01]} Rxc8 {[%emt 0:00:01]} 22. Bxb4 {[%emt 0:00:00]} Bxb4 {[%emt 0:00:01]} 23. g5 {[%emt 0:00:00]} Nc6 {[%emt 0:00:02]} 24. gxf6 {[%emt 0:00:01]} gxf6 {[%emt 0:00:00]} 25. Ng3 {[%emt 0:00:02]} Ba3 {[%emt 0:00:01]} 26. Qe2 {[%emt 0:00:03]} Nb4 {[%emt 0:00:01]} 27. Ne1 {[%emt 0:00:02]} Rc1 {[%emt 0:00:02]} 28. Nh5 {[%emt 0:00:01]} Qe7 {[%emt 0:00:01]} 29. Ng7 {[%emt 0:00:02]} Qf8 {[%emt 0:00:01]} 30. Ne6 {[%emt 0:00:01]} Qe7 {[%emt 0:00:01]} 31. Qd2 {[%emt 0:00:03]} Bxe6 {[%emt 0:00:02]} 32. fxe6 {[%emt 0:00:00]} Qxe6 {[%emt 0:00:00]} 33. Bf3 {[%emt 0:00:03]} Qc6 {[%emt 0:00:02]} 34. Bg2 {[%emt 0:00:01]} Ka7 {[%emt 0:00:01]} 35. h4 {[%emt 0:00:03]} a5 {[%emt 0:00:03]} 36. Kh2 {[%emt 0:00:01]} Na6 {[%emt 0:00:01]} 37. Bh3 {[%emt 0:00:01]} Bb4 {[%emt 0:00:01]} 38. Qe2 {[%emt 0:00:02]} Qc3 {[%emt 0:00:01]} 39. Nf3 {[%emt 0:00:03]} Rxf1 {[%emt 0:00:00]} 40. Qxf1 {[%emt 0:00:01]} Nc5 {[%emt 0:00:00]} 41. h5 {[%emt 0:00:02]} Nxd3 {[%emt 0:00:01]} 42. Nh4 {[%emt 0:00:01]} Nf4 {[%emt 0:00:01]} 43. Qf2 {[%emt 0:00:01] .} Qxh3+ {[%emt 0:00:05]} 44. Kg1 {[%emt 0:00:00]} Bd2 {[%emt 0:00:03] Time (Lag: Av=1.26s, max=13.9s)} 0-1

[Event "Stay Safe Play From Home 263"]
[Site "Emanuel Lasker Arena"]
[Date "2020.06.29"]
[Round "3"]
[White "Bardellosport"]
[Black "Edmatuag"]
[Result "1-0"]
[WhiteElo "1977"]
[BlackElo "1689"]
[Annotator "NA"]
[PlyCount "93"]
[EventDate "2020.06.29"]
[EventType "swiss (blitz)"]

1. Nf3 {[%emt 0:00:01]} d5 {[%emt 0:00:01]} 2. g3 {[%emt 0:00:00]} c6 {[%emt 0:00:01]} 3. Bg2 {[%emt 0:00:00]} Nd7 {[%emt 0:00:01]} 4. d3 {[%emt 0:00:00]} e6 {[%emt 0:00:01]} 5. Nbd2 {[%emt 0:00:00]} Bd6 {[%emt 0:00:02]} 6. O-O {[%emt 0:00:00]} Ne7 {[%emt 0:00:01]} 7. b3 {[%emt 0:00:00]} Ng6 {[%emt 0:00:00]} 8. Bb2 {[%emt 0:00:01]} f5 {[%emt 0:00:00]} 9. e4 {[%emt 0:00:01]} O-O {[%emt 0:00:01]} 10. Qe2 {[%emt 0:00:01]} f4 {[%emt 0:00:02]} 11. e5 {[%emt 0:00:01]} Be7 {[%emt 0:00:02]} 12. c4 {[%emt 0:00:01]} Bg5 {[%emt 0:00:03]} 13. Nxg5 {[%emt 0:00:01]} Qxg5 {[%emt 0:00:00]} 14. h3 {[%emt 0:00:03]} fxg3 {[%emt 0:00:02]} 15. fxg3 {[%emt 0:00:01]} Qxg3 {[%emt 0:00:01]} 16. Rxf8+ {[%emt 0:00:02]} Ngxf8 {[%emt 0:00:03]} 17. Nf3 {[%emt 0:00:01]} Ng6 {[%emt 0:00:02]} 18. Qf2 {[%emt 0:00:01]} Qxf2+ {[%emt 0:00:01]} 19. Kxf2 {[%emt 0:00:00]} b6 {[%emt 0:00:02]} 20. Re1 {[%emt 0:00:01]} Bb7 {[%emt 0:00:01]} 21. Kg1 {[%emt 0:00:01]} Rf8 {[%emt 0:00:01]} 22. Re3 {[%emt 0:00:02]} Nf4 {[%emt 0:00:01]} 23. d4 {[%emt 0:00:01]} Nxg2 {[%emt 0:00:01]} 24. Kxg2 {[%emt 0:00:01]} Rf5 {[%emt 0:00:01]} 25. cxd5 {[%emt 0:00:02]} cxd5 {[%emt 0:00:02]} 26. Rc3 {[%emt 0:00:01]} Nf8 {[%emt 0:00:02]} 27. Rc7 {[%emt 0:00:01]} Rf7 {[%emt 0:00:01]} 28. Rc3 {[%emt 0:00:01]} Ba6 {[%emt 0:00:02]} 29. Rc1 {[%emt 0:00:05]} Be2 {[%emt 0:00:01]} 30. Ng5 {[%emt 0:00:02]} Rf5 {[%emt 0:00:02]} 31. h4 {[%emt 0:00:01]} h6 {[%emt 0:00:01]} 32. Nh3 {[%emt 0:00:02]} Bg4 {[%emt 0:00:01]} 33. Nf2 {[%emt 0:00:01]} Bf3+ {[%emt 0:00:02]} 34. Kg3 {[%emt 0:00:01]} Be4 {[%emt 0:00:01]} 35. Re1 {[%emt 0:00:01]} Rf3+ {[%emt 0:00:01]} 36. Kg4 {[%emt 0:00:01]} Rxf2 {[%emt 0:00:01]} 37. Ba3 {[%emt 0:00:00]} Rxa2 {[%emt 0:00:01]} 38. Bd6 {[%emt 0:00:01]} Ng6 {[%emt 0:00:01]} 39. h5 {[%emt 0:00:01]} Rg2+ {[%emt 0:00:01]} 40. Kh3 {[%emt 0:00:01]} Rg5 {[%emt 0:00:01]} 41. hxg6 {[%emt 0:00:02]} Rxg6 {[%emt 0:00:01]} 42. Rc1 {[%emt 0:00:01]} Kh7 {[%emt 0:00:01]} 43. Rc8 {[%emt 0:00:00]} Bg2+ {[%emt 0:00:02]} 44. Kh2 {[%emt 0:00:01]} Be4 {[%emt 0:00:00]} 45. Rc7 {[%emt 0:00:01]} Rg2+ {[%emt 0:00:00]} 46. Kh3 {[%emt 0:00:01]} a5 {[%emt 0:00:01]} 47. Kh4 {[%emt 0:00:00] Time (Lag: Av=0.48s, max=1.0s)} 1-0